Médecin, mes 2 seins, les 2 ou ni l'un, ni l'autre ? (click quiz) - Statistiques

Statistiques générales
  • Ce quiz a été pris 115 fois
  • Le résultat moyen est 9 sur 13
Statistiques - réponses
Hint Réponse % Correct
Possédant le Bac + 10 Médecin
93%
En forme de melon, voire de pastèque Mes 2 seins
92%
Pouvant avoir des poils Les 2
88%
Pouvant porter un avion, un sous-marin et une limousine Ni l'un, ni l'autre
88%
Pouvant se servir d'un spéculum Médecin
86%
A base de peau Les 2
85%
Pouvant se faire pincer Les 2
83%
Pouvant porter des bonnets Les 2
83%
Pouvant se dresser Les 2
79%
Pouvant porter des coquilles de protection Les 2
60%
De nature hospitalière Les 2
47%
En gant de toilette Mes 2 seins
43%
En perpétuelle sollicitation pour représenter le buste de Marianne Ni l'un, ni l'autre
9%
Aucun quiz correspondant
Distribution des résultats
% des personnes avec chaque résultat
Percentile par nombre de réponses
Votre historique - résultats
Vous n’avez pas pris ce quiz